Bilecik Bilecik Bilecik Bilecik Bilecik

Suç ve ceza/ (Record no. 65729)

MARC details
000 -BAŞLIK
Sabit Uzunluktaki Kontrol Alanı 01084nam a22003497a 4500
001 - KONTROL NUMARASI
Control Dosyası 0065395
003 - KONTROL NUMARASI KİMLİĞİ
Kontrol Alanı KOHA_MİRAKIL
005 - EN SON İŞLEM TARİHİ ve ZAMANI
Kontrol Alanı 20260207004559.0
007 - FİZİKSEL TANIM SABİT ALAN - GENEL BİLGİ
Sabit uzunluklu kontrol alanı ta
008 - SABİT UZUNLUKTAKİ VERİ ÖGELERİ - GENEL BİLGİ
Sabit Alan 200303b2008 tu |||gr||||#||||1|tur |
020 ## - ISBN - ULUSLARARASI STANDART KİTAP NUMARASI
Isbn 9756249595
040 ## - KATALOGLAMA KAYNAĞI
Özgün Kataloglama Kurumu TR-BiSEU
Kataloglama Dili tur
Çeviri Kurumu TR-BiSEU
Açıklama Kuralları rda
041 0# - DİL KODU
Metin ya da ses kaydının dil kodu tur
044 ## - YAYINLAYAN/ÜRETEN KURULUŞUN ÜLKE KODU
ISO country code tu
050 ## - SINIFLAMA ve YER NUMARASI
Sınıflama Numarası PG3325.A15
Yer Numarası S83 2008
100 1# - KİŞİ ADI
Yazar Adı (Kişi adı) Dostoyevski, Fyodor Mihayloviç.
245 1# - ESER ADI BİLDİRİMİ
Başlık Suç ve ceza/
Sorumluluk Bildirimi Fyodor Mihayloviç Dostoyevski ; Fyodor Mihayloviç Dostoyevski; çeviren Nurşen Özkan.
250 ## - BASIM BİLDİRİMİ
Basım Bildirimi 3. Baskı
264 #1 - ÜRERİM, YAYIN, DAĞITIM ve TELİF BİLDİRİMİ
Yayın yeri İzmir :
Yayınlayan İlya İzmir Yayınevi Matbaası
Yayın tarihi 2008
300 ## - FİZİKSEL TANIMLAMA
Sayfa, Cilt vb. c.; 21 cm.
336 ## - İÇERİK TÜRÜ
Content type term metin
Content type code txt
Source rdacontent
337 ## - MEDYA TÜRÜ
Media type term aracısız
Media type code n
Source rdamedia
338 ## - TAŞIYICI TÜRÜ
Carrier type term cilt
Carrier type code nc
Source rdacarrier
490 1# - DİZİ BİLDİRİMİ
Dizi Bildirimi Klasik Romanlar dizisi ;
Cilt Numarası 07.
490 1# - DİZİ BİLDİRİMİ
Dizi Bildirimi Yayın no ;
Cilt Numarası 27
500 ## - GENEL NOT
Genel Not Orijinal adı; Prestupleniye i nakazaniye.
650 #0 - KONU BAŞLIĞI EK GİRİŞ - KONU TERİMİ
Konusal terim veya coğrafi ad Rus romanı.
9 (RLIN) 7265
650 #0 - KONU BAŞLIĞI EK GİRİŞ - KONU TERİMİ
Konusal terim veya coğrafi ad Russian fiction.
9 (RLIN) 7266
830 1# - SERİ EK GİRİŞİ - TEKBİÇİM ESER ADI
Tekbiçim Başlık Klasik Romanlar dizisi ;
Volume number/sequential designation 07.
9 (RLIN) 122702
830 1# - SERİ EK GİRİŞİ - TEKBİÇİM ESER ADI
Tekbiçim Başlık Yayın no ;
Volume number/sequential designation 27
9 (RLIN) 1619
942 ## - EK GİRİŞ ÖGELERİ (KOHA)
Source of classification or shelving scheme Library of Congress Classification
Koha item type Book
Holdings
Materyal Türü Kalıcı Konum Mevcut Konum Sınıflandırma Kaynağı Edinim Bilgisi Ana Konular Alt Konular Yer Numarası Cilt Bilgisi Demirbaş Numarası Fatura Tarihi Geri Çekilme Durumu Kayıp Durumu Hasarlı Durumu Kredi için değil Kayıt Tarih Toplam Ödünçverme Son Görülme Tarihi Son Kontrol Tarihi Genel / Bağış Notu
Book BŞEÜ Bozüyük MYO Kütüphanesi BŞEÜ Bozüyük MYO Kütüphanesi Library of Congress Classification Bağış DİL VE EDEBİYAT Slav Dilleri, Baltık Dilleri, Arnavutça PG3325.A15 S83 2008 c.1 0065395 02/02/2026         03/03/2020   05/03/2025 05/03/2025 Genel Bağış